Star Wars The Clone Wars Charakters - Statistics

General Stats
  • This quiz has been taken 993 times
    270 since last reset
  • The average score is 16 of 21
Answer Stats
Hint Answer % Correct
Jedi Obi-Wan Kenobi
97%
Jedi Yoda
94%
Jedi Anakin Skywalker
92%
Klon Captain Rex
92%
Sith Count Dooku
90%
Sith Darth Maul
90%
Jedi Mace Windu
89%
Klon Commander Cody
88%
Droide R2-D2
84%
Kanzler Palpatine
83%
Jedi Ahsoka Tano
82%
Droide C-3PO
82%
Senat Padme Amidala
82%
Attentäter Asajj Ventress
70%
Kopfgeldjäger Cad Bane
66%
Sith Darth Sidious
64%
Seperatist General Grievous
63%
Kopfgeldjäger Boba Fett
59%
Attentäter Savage Opress
52%
Pirat Hondo Ohnaka
43%
Verbrecher Lord Jabba der Hutt
25%
No matching quizzes found
Score Distribution
Percent of People with Each Score
Percentile by Number Answered
Your Score History
You have not taken this quiz since the last reset